Central Library OPAC University of Rajshahi

Stone's justices' manual : (Record no. 5571)

MARC details
000 -LEADER
fixed length control field 00898nas a2200265 a 4500
001 - CONTROL NUMBER
control field 5571
003 - CONTROL NUMBER IDENTIFIER
rucl marc code BD-RjUL
005 - DATE AND TIME OF LATEST TRANSACTION
control field 20211208234105.0
008 - FIXED-LENGTH DATA ELEMENTS--GENERAL INFORMATION
fixed length control field 131226c1953 enkar p 0 a0eng d
035 ## - SYSTEM CONTROL NUMBER
System control number (BD-RjUL)
System control number (BD-RjUL)
040 ## - CATALOGING SOURCE
Original cataloging agency NAGD
Language of cataloging eng
Transcribing agency NAGD
Modifying agency NSC
-- BD-RjUL
041 ## - LANGUAGE CODE
Language code of text/sound track or separate title eng
082 ## - DEWEY DECIMAL CLASSIFICATION NUMBER
Edition number 347
Author mark and year STO
245 00 - TITLE STATEMENT
Title Stone's justices' manual :
Remainder of title being the yearly justices' practice for ...
Number of part/section of a work Volume 2
260 ## - PUBLICATION, DISTRIBUTION, ETC. (IMPRINT)
Place of publication, distribution, etc. London :
Name of publisher, distributor, etc. Butterworth :
-- Shaw & Sons ,
Date of publication, distribution, etc. 1953.
300 ## - PHYSICAL DESCRIPTION
Pagination V.2 ; 3037 p ;
Size 21 cm.
500 ## - GENERAL NOTE
General note Description based on: 50th ed. (1918).
504 ## - BIBLIOGRAPHY, ETC. NOTE
Bibliography, etc Includes index.
650 #0 - SUBJECT ADDED ENTRY--TOPICAL TERM
Topical term or geographic name as entry element Magistrates
Geographic subdivision Great Britain
General subdivision Periodicals.
9 (RLIN) 17464
Topical term or geographic name as entry element Justices of the peace
Geographic subdivision Great Britain
General subdivision Periodicals.
9 (RLIN) 17465
700 1# - ADDED ENTRY--PERSONAL NAME
Personal name Stone, Samuel.
780 00 - PRECEDING ENTRY
Title The Justice's manual, or, Guide to the ordinary duties of a justice of the peace
942 ## - ADDED ENTRY ELEMENTS (KOHA)
Source of classification or shelving scheme Dewey Decimal Classification
Koha item type Books
Holdings
Lost status Source of classification or shelving scheme Damaged status Not for loan Collection code Permanent Location Current Location Shelving location Date acquired Source of acquisition Cost, normal purchase price Total Checkouts Full call number Date last seen Copy number Koha item type
  Dewey Decimal Classification   Not For Loan Fiction Central Library, University of Rajshahi Central Library, University of Rajshahi   13/06/1955 British councle gift 0.00   347 STO 1953 26/12/2013 C-1 Books